000 00612nam a2200205Ia 4500
005 20250508161850.0
008 008 250505s9999 xx 000 0 eng d
037 _aTextual
040 _aFEDL
_beng
_cFEDL
041 _aeng
_2eng
084 _a371.1, TIB
_qFEDL
100 _aTibbetts John
_929035
245 0 _aTeaching in the developing nations : A guide for educators
260 _aBelmont
_bWadsworth Publishing Company
_c1968
300 _axi,210p
650 _aTeaching
700 _a Akeson Merle Silverman Marvin
_9771699
942 _cTEXL
_h371.1, TIB
999 _c1372814
_d1372814